000 00819nam a2200241 a 4500
005 20240911064410.0
008 070125s2004 mx r 000 0 spa d
020 _a9681673379
035 _aUPN01000148870
049 _aCG
050 4 _aJC265
_bM6.3
100 1 _aMosca, Gaetano,
_d1858-1941
_915505
245 1 3 _aLa clase política /
_cGaetano Mosca ; selec. e introd. Norberto Bobbio ; tr. Marcos Lara.
260 _aMéxico :
_bFCE,
_c2004.
300 _a300 p.
440 0 _aConmemorativa 70 aniversario ;
_v4
534 _pTraducción de:
_tLa classe politica
590 _aTambién puedes localizar un ejemplar de este título en el "Area de Reserva"
590 _aBibliografía Básica (BGTQ)
650 4 _aCiencias políticas
_96023
700 1 _aBobbio, Norberto,
_d1909-2004
_ecomp.
905 _aLibro
999 _c121011
_d121011